[Event "LIB-chT"]
[Site "Beirut"]
[Date "2016.07.28"]
[Round "6.3"]
[White "Ibrahim, Hatim"]
[Black "Mroweh, Husein"]
[Result "1-0"]
[WhiteElo "2337"]
[BlackElo "2099"]
[PlyCount "137"]
[EventDate "2016.07.22"]
[EventType "team-tourn"]
[EventRounds "9"]
[EventCountry "LBN"]
[SourceTitle "EXT 2017"]
[Source "ChessBase"]
[SourceDate "2016.10.25"]
[SourceVersion "1"]
[SourceVersionDate "2016.10.25"]
[SourceQuality "1"]
[WhiteTeam "Freres"]
[BlackTeam "Tanmiya"]
[WhiteTeamCountry "LBN"]
[BlackTeamCountry "LBN"]

1. c4 e6 2. Nc3 d5 3. d4 Nf6 4. cxd5 exd5 5. Bg5 c6 6. Qc2 Be7 7. e3 h6 8. Bf4 0-0 9. h3 Bd6 10. Bxd6 Qxd6 11. Bd3 Re8 12. Nf3 b6 13. 0-0 Ba6 14. Bxa6 Nxa6 15. Qa4 Nc7 16. Rfc1 c5 17. Qa3 Red8 18. dxc5 bxc5 19. Na4 c4 20. Qxd6 Rxd6 21. b3 Ra6 22. Nc5 Rc6 23. Nd3 Ne6 24. Nde5 Rc7 25. bxc4 Rac8 26. Nd2 Ne8 27. Rc3 f6 28. Nd3 Nd6 29. Nb2 dxc4 30. Rac1 Nc5 31. Ndxc4 Nce4 32. R3c2 Nxc4 33. Rxc4 Rxc4 34. Rxc4 Rxc4 35. Nxc4 Kf7 36. f3 Nc3 37. a3 Ke6 38. e4 Ne2+ 39. Kf2 Nf4 40. h4 g5 41. g3 Nd3+ 42. Ke3 gxh4 43. gxh4 Ne1 44. Kf4 h5 45. Ne3 a5 46. Nc4 a4 47. Nb2 Nc2 48. Nxa4 Nxa3 49. Nc5+ Kf7 50. Nd3 Nc2 51. Kg3 Kg6 52. Nf4+ Kh6 53. Nd5 Kg6 54. f4 Nd4 55. f5+ Kg7 56. Nf4 Kh6 57. Nd3 Kg7 58. Kf4 Kf7 59. Ke3 Nc2+ 60. Kd2 Nd4 61. Ke3 Nc2+ 62. Kf4 Nd4 63. e5 fxe5+ 64. Nxe5+ Kf6 65. Nd7+ Ke7 66. Nc5 Ne2+ 67. Kg5 Ng3 68. Kg6 Kd6 69. f6 1-0

[Event "Dubai op 10th"]
[Site "Dubai"]
[Date "2008.04.08"]
[Round "3"]
[White "Mroweh, Husein"]
[Black "Sergeyeva, Maria"]
[Result "0-1"]
[WhiteElo "2095"]
[BlackElo "2317"]
[PlyCount "66"]
[EventDate "2008.04.06"]
[EventType "swiss"]
[EventRounds "9"]
[EventCountry "UAE"]
[SourceTitle "CBM 123 Extra"]
[Source "ChessBase"]
[SourceDate "2008.05.06"]
[SourceVersion "1"]
[SourceVersionDate "2008.05.06"]
[SourceQuality "1"]

1. d4 Nf6 2. Nf3 g6 3. e3 Bg7 4. Be2 0-0 5. 0-0 d6 6. b3 Nc6 7. Bb2 Nd7 8. c4 e5 9. Nc3 f5 10. dxe5 dxe5 11. Qd2 e4 12. Nd4 Nde5 13. Nd5 Qg5 14. Kh1 Nxd4 15. Bxd4 c6 16. Qb2 f4 17. exf4 Rxf4 18. Nxf4 Qxf4 19. g3 Qg5 20. f4 exf3 21. Bxf3 Bh3 22. Bg2 Bg4 23. Qc1 Qh5 24. Qe3 Re8 25. Rae1 h6 26. Ba1 Kh7 27. Bxe5 Rxe5 28. Qxa7 Re2 29. Rxe2 Bxe2 30. Re1 Bf3 31. Qxb7 Qf5 32. Qe7 h5 33. h3 Qxh3+ 0-1